| 000 | 00408pab a2200145 454500 | ||
|---|---|---|---|
| 008 | 180718bDec95-Jan96 xxu||||| |||| 00| 0 eng d | ||
| 100 | _aGrason, Jean-Pierre and Neymare, Kristen | ||
| 245 | _aIntegrating immigrants in urban life | ||
| 260 | _cDec95-Jan96 | ||
| 300 | _ap.31-32 | ||
| 650 | _aEmigration and immigration | ||
| 650 | _aPopulation migration | ||
| 773 | _aOECD Observer | ||
| 909 | _a30913 | ||
| 999 |
_c30913 _d30913 |
||